00535nam a2200169 a 450000100100000000500170001000800410002704000250006804100080009310000240010124500570012526000310018230000210021304900090023495201050024399900170034800003269120200930065759.0110725s1965 dr 000 0 spa d aDO-SdBNPbspacBNPHU17aeng1 aKurzman, Dan95853810aSanto Domingo :brevolt of the damned /cDan Kurman. aNew York :bPutnam,c1965. a310 p. ;c23 cm. aBNPD 0010718PDaPDbPDcCTd2011-07-25iLF1l0o p32691-10r2020-06-25w2020-06-25yLFPDZNo se presta c32182d32182